Pandit Bhimsen Joshi Celebrating his Centenary / (Record no. 205373)

MARC details
000 -LEADER
fixed length control field 00758nam a22002057a 4500
005 - DATE AND TIME OF LATEST TRANSACTION
control field 20250502143401.0
010 ## - LCCN (DPL NO)
LC control number ENG-141519
020 ## - INTERNATIONAL STANDARD BOOK NUMBER
International Standard Book Number 9789354092138
Terms of availability 310.00
035 ## - SYSTEM CONTROL NUMBER
System control number EN-125051
037 ## - SOURCE OF ACQUISITION
Source of stock number/acquisition DBAD
Stock number dpl
082 ## - DEWEY DECIMAL CLASSIFICATION NUMBER
Classification number 781.630
Edition number 1
100 ## - MAIN ENTRY--PERSONAL NAME
Personal name Rane,Kasturi Paigude
245 ## - TITLE STATEMENT
Title Pandit Bhimsen Joshi Celebrating his Centenary /
Statement of responsibility, etc By Kasturi Paigude Rane
250 ## - EDITION STATEMENT
Edition statement 1
260 ## - PUBLICATION, DISTRIBUTION, ETC. (IMPRINT)
Place of publication, distribution, etc New Delhi
Name of publisher, distributor, etc Publication Division Ministry of Information and Broadcasting Govt. of India
Date of publication, distribution, etc 2021
270 ## - ADDRESS
Address Soochana Bhawan CGO Complex, lodhi Road New Delhi
City New Delhi
Postal code 110003
300 ## - PHYSICAL DESCRIPTION
Extent 158 p.:
Dimensions 25 cm(pb)
500 ## - GENERAL NOTE
General note (A journey of relentless riyaaz, devotion and pathbreaking music)
942 ## - ADDED ENTRY ELEMENTS (KOHA)
Source of classification or shelving scheme Dewey Decimal Classification
Item type English Books
Classification part 781.630
Call number suffix RAN
Edition 1
Holdings
Withdrawn status Lost status Not for loan Collection code Home library Current library Date acquired Source of acquisition Cost, normal purchase price Full call number Barcode Copy number Cost, replacement price Koha item type
      Non-fiction Patel Nagar Patel Nagar 28/08/2024 DBAD 310.00 781.630 RAN EN-125051 1 310.00 English Books

© Delhi Public Library
Hit Counter
free hit counter